Capacitación de jóvenes desocupados y talleres productivos: un estudio de caso
Gorde:
| Egile Nagusiak: | , |
|---|---|
| Formatua: | Liburua |
| Hizkuntza: | gaztelania |
| Argitaratua: |
Santiago
CIDE
1992
|
| Saila: | Investigación para la acción. Estrategias de Capacitación
|
| Gaiak: | |
| Etiketak: |
Etiketa erantsi
Etiketarik gabe, Izan zaitez lehena erregistro honi etiketa jartzen!
|
MARC
| LEADER | 00000nam a2200000 a 4500 | ||
|---|---|---|---|
| 001 | UCW7154 | ||
| 003 | CL-VaPUC | ||
| 008 | 920910e19920000CL |||||||||||||||||spa|d | ||
| 082 | 0 | 4 | |a 370.194 |b SAN |2 21 |
| 100 | 0 | |a Santibáñez R., Erika |e author |9 312279 | |
| 700 | 0 | |a Ibáñez E., Sergio |e author |9 312280 | |
| 245 | 1 | 0 | |a Capacitación de jóvenes desocupados y talleres productivos: un estudio de caso |
| 300 | |a 100 p | ||
| 942 | |c BK | ||
| 945 | |d 19920910 00:00:00 | ||
| 260 | |a Santiago |b CIDE |c 1992 | ||
| 650 | 0 | |a Educación popular |9 308964 | |
| 650 | 7 | |a TRABAJO DE JOVENES |2 CL-VaPUC |9 312281 | |
| 651 | 7 | |a CHILE |2 CL-VaPUC |9 312282 | |
| 583 | |a last modification |c 19920910 00:00:00 |k Rodrigo Vera | ||
| 490 | 0 | |a Investigación para la acción. Estrategias de Capacitación | |
| 999 | |c 220011 |d 220009 | ||
| 952 | |0 0 |1 0 |4 0 |6 370_194000000000000_SAN_1992 |7 0 |8 A |9 211729 |a BIBEDU |b BIBEDU |d 2019-11-15 |i 2798670 |o 370.194 SAN 1992 |p 2798670 |r 2019-11-15 |w 2019-11-15 |y BK |k EDU | ||